Les films se déroulant dans un hôtel - Statistiques

Statistiques générales
  • Ce quiz a été pris 270 fois
  • Le résultat moyen est 7 sur 16
Statistiques - réponses
Par images Réponse % Correct
Shining
86%
Hotel Transylvanie
80%
Psychose
74%
Pretty Woman
73%
S.O.S Fantômes
72%
The Grand Budapest Hotel
72%
Mamma Mia !
71%
Les Bronzés 3
59%
La Grande Vadrouille
42%
Lost in Translation
42%
The Lobster
18%
Un singe en hiver
16%
Chambre 1408
7%
Youth
7%
Palace pour chiens
4%
Groom Service
1%
Aucun quiz correspondant
Distribution des résultats
% des personnes avec chaque résultat
Percentile par nombre de réponses
Votre historique - résultats
Vous n’avez pas pris ce quiz